Lonely Planet's Top 20 Food Experiences - Statistics

General Stats
  • This quiz has been taken 332 times
  • The average score is 6 of 20
Answer Stats
Rank Location Food % Correct
3 Tokyo, Japan Sushi
88%
9 Naples, Italy Pizza margherita
75%
15 Jamaica Jerk chicken
50%
20 Hau River, Vietnam Phở
40%
4 Texas, USA Beef brisket
34%
1 San Sebastián, Spain Pintxos
34%
18 Brussels, Belgium Moules frites
31%
10 Hong Kong, China Dim sum
30%
16 Marrakech, Morocco Lamb tagine
29%
11 Peru Ceviche
28%
2 Kuala Lumpur, Malaysia Curry laksa
27%
19 Beijing, China Peking duck
24%
14 France Cheese experiences
18%
7 Kaikoura, New Zealand Crayfish
16%
12 Lisbon, Portugal Pastéis de nata
16%
8 Seoul, South Korea Bibimbap
15%
17 Singapore Chilli crab
11%
13 Freycinet, Australia Oysters
8%
6 Copenhagen, Denmark Smørrebrød
7%
5 Bangkok, Thailand Som tum
4%
No matching quizzes found
Score Distribution
Percent of People with Each Score
Percentile by Number Answered
Your Score History
You have not taken this quiz